LEADER 01018nam a2200229 i 4500 001 000000024595 003 CaOOAMICUS 005 20251017140744.0 008 180830s1880 it u000 u ita u 040 $aSeMil$bita 100 1 $aRodrķguez, Alonso,$c.$0(OLS)http://semarc/name/89675 240 10$aEjercicio de perfeccion y virtudes christianas.$0(OLS)http://semarc/title/456195 245 10$aEsercizio di perfezione e di virtł cristiane /$cdel padre Alfonso Rodriguez. 260 $aRoma :$bTipografia poliglotta della S. C. di Propaganda Fide,$c1880. 300 $a3 v. ;$c19 cm. 650 4$aAscetica e mistica - Manuali.$0(OLS)http://semarc/subject/4031 774 0 $tParte 1.$g1$w()190951 774 0 $tParte 2.$g2$w()244556 774 0 $tParte 3.$g3$w()244555 996 $6245$aEsercizio di perfezione e di virtł cristiane$9(OLS)http://semarc/title/11431 996 $6260$aRoma :$bTipografia poliglotta della S. C. di Propaganda Fide$9(OLS)http://semarc/publisher/33121 LEADER 00892nab a2200193 i 4500 001 000000312973 003 CaOOAMICUS 005 20180831173103.0 008 180831n xx uu u0 0und r 013 $a22065 040 $aSeMil$bita 100 0 $aPius XI,$c.$0(OLS)http://semarc/name/3465 245 10$aLettera al Card. Segretario di Stato a proposito della Conferenza di tutti gli Stati Europei per la ricostruzione economica dell?Europa: 29 aprile 1922 (testo italiano) 773 0 $t[Gennaio-Giugno].$g396-398$w()274223 900 1 $aRatti, Achille,$d<1857-1939>. 900 0 $aPio XI$c. 996 $6245$aLettera al Card. Segretario di Stato a proposito della Conferenza di tutti gli Stati Europei per la ricostruzione economica dell?Europa: 29 aprile 1922 (testo italiano)$9(OLS)http://semarc/title/387306